Foundations of Programming

Saved in:
Bibliographic Details
Main Author: Moss, John
Format: Book
Language:English
Published: London Hutchinson 1981
Series:Modular computer studies series
Tags: Add Tag
No Tags, Be the first to tag this record!

MARC

LEADER 00000nam a2200000 4500
001 c129441
005 20041019155246.3
041 0 |a eng 
044 |a GB 
245 1 0 |a Foundations of Programming  |c John Moss 
264 1 |a London  |b Hutchinson  |c 1981 
300 |a 83 s. 
490 1 |a Modular computer studies series 
830 0 |a Modular computer studies series 
100 1 |a Moss, John